Logo BPK

Biblioteka

Politechniki Koszalińskiej

Round-up 4 : (Rekord nr 45459)

Szczegóły MARC
000 -ETYKIETA REKORDU
podpole kontrolne o stałej długości 00731nam a2200241 i 4500
001 - NUMER KONTROLNY REKORDU
pole kontrolne bg
020 ## - MIĘDZYNARODOWY ZNORMALIZOWANY NUMER KSIĄŻKI - ISBN
ISBN 0582344654
040 ## - ŹRÓDŁO KATALOGOWANIA
Instytucja, która utworzyła rekord BPK
041 0# - KOD JĘZYKA
Kod języka tekstu eng
080 ## - UNIWERSALNA KLASYFIKACJA DZIESIĘTNA - UKD
UKD 811.111'36(07)
920 ## - Międzynarodowy znormalizowany numer książki – ISBN
ISBN 0-582-34465-4
008 - POLE O STAŁEJ DŁUGOŚCI - DANE KONTROLNE
podpole kontrolne o stałej długości s pl f |000 0 pol
100 1# - NAZWA OSOBOWA
Nazwa osobowa EVANS, Virginia
245 10 - TYTUŁ/ODPOWIEDZIALNOŚĆ
Tytuł Round-up 4 :
Ciąg dalszy tytułu English grammar practice /
Pozostałe elementy strefy tytułu i oznaczenia odpowiedzialności Virginia Evans.
250 ## - STREFA WYDANIA
Oznaczenie wydania New ed. with pre-tests and wordlist.
260 ## - STREFA ADRESU WYDAWNICZEGO
Miejsce wydania Harlow :
Nazwa wydawcy/dystrybutora Longman,
Data publikacji, dystrybucji/powstania dokumentu 2000.
300 ## - STREFA OPISU FIZYCZNEGO
Objętość 165 s. :
Inne cechy fizyczne il. ;
Rozmiary 28 cm.
500 ## - UWAGI OGÓLNE
Tekst uwagi Opis wg okł.
650 #9 - HASŁO PRZEDMIOTOWE W FORMIE NAZWY OGÓLNEJ LUB JEDNOSTKOWEJ
Nazwa ogólna lub geograficzna Język angielski
Określnik ogólny gramatyka
655 ## - TERMIN INDEKSOWY - OKREŚLENIE RODZAJU/FORMY DOKUMENTU
Określenie rodzaju/formy dokumentu Podręczniki
942 ## - DODATKOWE ELEMENTY (KOHA)
Typ dokumentu Książka
Egzemplarze
Wycofany Status egzemplarza Uszkodzony Dostępność Lokalizacja stała Lokalizacja bieżąca Miejsce przechowywania Sygnatura Kod kreskowy Typ dokumentu Ostatnio wypożyczono
      Tylko na miejscu Biblioteka Politechniki Koszalińskiej Biblioteka Politechniki Koszalińskiej Czytelnia Wydziałowa ul. Kwiatkowskiego 6e 74221 02249216 Książka  
      Dostępny Biblioteka Politechniki Koszalińskiej Biblioteka Politechniki Koszalińskiej Wypożyczalnia BG 74222 02249209 Książka 08.11.2013
      Dostępny Biblioteka Politechniki Koszalińskiej Biblioteka Politechniki Koszalińskiej Wypożyczalnia BG 74223 02249193 Książka  
© 2023 Biblioteka Politechniki Koszalińskiej :: KOHA